000
00304 a2200145 4500
001
178499
020
_a
040
_c
Magnum
100
_a
Schimitz, Ilton
240
1
0
_a
A familia microbim
_l
por
245
1
0
_a
A familia microbim
362
0
_a
1899
697
_a
MAGNITO: I/PARADIDATICO
942
_c
BK
999
_c
178499
_d
178499